Normal view
MARC view
- Warehouses
Entry Topical Term
001 - CONTROL NUMBER
- control field: 86195
003 - CONTROL NUMBER IDENTIFIER
- control field: NUST
005 - DATE AND TIME OF LATEST TRANSACTION
- control field: 20211209112144.0
008 - FIXED-LENGTH DATA ELEMENTS
- fixed length control field: 211209|| aca||aabn | a|a d
040 ## - CATALOGING SOURCE
- Original cataloging agency: NUST
- Transcribing agency: NUST
150 ## - HEADING--TOPICAL TERM
- Topical term or geographic name entry element: Warehouses
- General subdivision: Management
670 ## - SOURCE DATA FOUND
- Source citation: Work cat.: (NUST)32062: Frazelle, Edward. 86194, World-class Warehousing and Material Handling /, c2002.
